| 000 | 01316cam a2200385 a 4500 | ||
|---|---|---|---|
| 001 | 9084699 | ||
| 003 | ARRUPE | ||
| 005 | 20160316112126.0 | ||
| 008 | 110516s2011 tnu b 001 0 eng | ||
| 010 | _a 2011020544 | ||
| 020 | _a9780687058419 (book pbk./trade pbk. : alk. paper) | ||
| 020 | _a0687058414 (book pbk./trade pbk. : alk. paper) | ||
| 024 | _a40020019055 | ||
| 035 | _a(OCoLC)ocn727511714 | ||
| 035 | _a(OCoLC)727511714 | ||
| 035 | _a(NNC)9084699 | ||
| 040 |
_aDLC _cDLC _dYDX _dUKMGB _dYDXCP |
||
| 042 | _apcc | ||
| 050 | 0 | 0 |
_aBS2585.53 _b.B53 2011 |
| 082 | 0 | 0 |
_a226.3/07 _223 |
| 100 | 1 |
_aBlack, C. Clifton _q(Carl Clifton), _d1955- _922883 |
|
| 245 | 1 | 0 |
_aMark :Images of an Apostolic Interpreter / _cC. Clifton Black. |
| 260 |
_aMinneapolis : _bFortress Press, _c1994. |
||
| 300 |
_axx, 327 p. ; _c23 cm. |
||
| 490 | 1 | _aAbingdon New Testament commentaries | |
| 504 | _aIncludes bibliographical references (p. 363-384) and index. | ||
| 600 |
_aMark, Saint _922884 |
||
| 630 | 0 | 0 |
_aBible. _pMark. N.T. _vCriticism, Interpretation, etc. _922885 |
| 650 |
_aEvangelists (Bible) _xBiography _922886 |
||
| 650 |
_aFathers of the Church _93149 |
||
| 830 | 0 |
_aAbingdon New Testament commentaries. _914944 |
|
| 942 |
_2lcc _cMONOGRAPH |
||
| 948 | 1 |
_a20111114 _bc _csds12 _dMPS |
|
| 999 |
_c124358 _d124358 |
||